Szczegóły MARC21

Zadania pracy domowej jako uczenie się w wielostronnym kształceniu ucznia /

003 -Nazwa inst., której nr kontr. jest w polu 001 [,]
    • @
    • Nazwa instytucji, której n kontrolny jest w polu 001
    • NUKAT
005 -DATA I CZAS OSTATNIEJ MODYFIKACJI [,]
    • @
    • pole kontrolne
    • 20241231103037.0
020 -Międzynarod. znormalizowany nr książki - ISBN [ , ]
    • a
    • Numer ISBN
    • 9788389795632 Find
040 -Instytucja sporządzająca opis [ , ]
    • a
    • Instytucja, która sporządziła opis (NP)
    • WR U/kw
    • c
    • Instytucja, która sporządziła rekord (NP)
    • WR U/kw
    • d
    • Instytucja, która zmodyfikowała rekord (P)
    • WR U/dl
    • d
    • Instytucja, która zmodyfikowała rekord (P)
    • GD 015/EOs
942 -Rodzaj dokumentu [ , ]
    • c
    • Rodzaj dokumentu
    • Książka
100 -Hasło główne - nazwa osobowa [1, ]
    • a
    • Nazwa osobowa (NP)
    • Kacprzak, Lech.
    • 9
    • KHW
    • 42892
245 -Strefa tytułu i oznaczenia odpowiedzialności [1,0]
    • a
    • Tytuł
    • Zadania pracy domowej jako uczenie się w wielostronnym kształceniu ucznia / Find
    • c
    • Pozostałe elementy strefy tytułu i oznaczenia odpowiedzialności (NP)
    • Lech Kacprzak ; Państwowa Wyższa Szkoła Zawodowa im. Stanisława Staszica w Pile.
260 -Strefa adresu wydawniczego [ , ]
    • a
    • Miejsce wydania (P)
    • Piła :
    • b
    • Nazwa wydawcy (P)
    • Państwowa Wyższa Szkoła Zawodowa im. Stanisława Staszica,
    • c
    • Data wydania (P)
    • 2008.
300 -Strefa opisu fizycznego [ , ]
    • a
    • Określenie formy książki i/lub objętość (NP)
    • 515, [1] s. :
    • b
    • Oznaczenie ilustracji (NP)
    • il. ;
    • c
    • Format (NP)
    • 24 cm.
336 -Typ zawartości [ , ]
    • a
    • Termin opisujący typ zawartości
    • Tekst
    • b
    • Kod określający zawartość
    • txt
    • 2
    • Źródło (terminu i kodu)
    • rdacontent
337 -Typ mediów [ , ]
    • a
    • Tryb odtwarzania
    • Bez urządzenia pośredniczącego
    • b
    • Kod typu mediów
    • n
    • 2
    • Źródło (terminu i kodu)
    • rdamedia
338 -Typ/rodzaj nośnika [ , ]
    • a
    • Hasło opisujące typ nośnika
    • Wolumin
    • b
    • Kod typu nośnika
    • nc
    • 2
    • Źródło (terminu i kodu)
    • rdacarrier
504 -Uwaga dot. bibliogr. załącznikowej [ , ]
    • a
    • Uwaga dot. bibliografii załącznikowej
    • Bibliogr. s. 457-468.
546 -Uwaga dot. języka [ , ]
    • a
    • Uwaga dot. języka
    • Wstęp również w jęz. ang., ros.
546 -Uwaga dot. języka [ , ]
    • a
    • Uwaga dot. języka
    • Spis treści również w jęz. ang., ros.
080 -Uniwersalna Klasyfikacja Dziesiętna [ , ]
    • 2
    • Identyfikator wydania tablic
    • UDC-P058
    • a
    • Symbol klasyfikacji
    • 37.091.322
    • b
    • Dopowiedzenie
    • Praca uczniów. Praca w domu. Praca w klasie. Praca nadobowiązkowa. Referaty i odczyty uczniów. Wypracowania szkolne. Praca pozalekcyjna. Rozumienie i utrwalanie materiału. Techniki pamięciowe.
080 -Uniwersalna Klasyfikacja Dziesiętna [ , ]
    • 2
    • Identyfikator wydania tablic
    • UDC-P058
    • a
    • Symbol klasyfikacji
    • 373.5.046-021.64
    • b
    • Dopowiedzenie
    • Przedmioty nauczania w gimnazjum.
080 -Uniwersalna Klasyfikacja Dziesiętna [ , ]
    • 2
    • Identyfikator wydania tablic
    • UDC-P058
    • a
    • Symbol klasyfikacji
    • 37.041
    • b
    • Dopowiedzenie
    • Uczenie się. Samokształcenie. Samouctwo. Autodydaktyka.
650 -Hasło przedmiotowe [ ,7]
    • a
    • Hasło przedmiotowe
    • Uczniowie szkół średnich
    • x
    • Określnik rzeczowy
    • edukacja.
    • 2
    • Źródło terminu
    • kaba
    • 9
    • KHW
    • 510714
650 -Hasło przedmiotowe [ ,7]
    • a
    • Hasło przedmiotowe
    • Prace domowe uczniów.
    • 2
    • Źródło terminu
    • kaba
    • 9
    • KHW
    • 125542
980 -Symbol UKD [ , ]
    • a
    • UKD
    • 37.091.322:373.5.046-021.64:37.041
920 -ISBN [ , ]
    • a
    • ISBN
    • 978-83-89795-63-2 Find
Sygnatura Numer inwentarzowy Status udost. Lokalizacja Data inwentaryzacji
 Pd.19977-3BG2009-06-10
Z.113352 Z.1133521BG2009-09-08